Poesía y estilo de Pablo Neruda (Record no. 23263)

MARC details
000 -LEADER
campo de control de longitud fija 00654nam a2200205 i 4500
001 - NÚMERO DE CONTROL
campo de control 23263
003 - IDENTIFICADOR DE NÚMERO DE CONTROL
campo de control ES-MaACL
005 - FECHA Y HORA DE LA ÚLTIMA TRANSACCIÓN
campo de control 20230906152837.0
007 - CAMPO FIJO DE DESCRIPCIÓN FÍSICA--INFORMACIÓN GENERAL
campo de control de longitud fija t|
008 - DATOS DE LONGITUD FIJA--INFORMACIÓN GENERAL
campo de control de longitud fija 021209s1974 ag ||||1| spa d
100 1# - ENTRADA PRINCIPAL--NOMBRE DE PERSONA
Nombre de persona Alonso, Amado.
9 (RLIN) 20182
245 10 - MENCIÓN DEL TÍTULO
Título Poesía y estilo de Pablo Neruda
Resto del título : interpretación de una poesía hermética /
Mención de responsabilidad, etc. Amado Alonso.
250 ## - MENCION DE EDICION
Mención de edición [3ª ed.].
260 ## - PUBLICACIÓN, DISTRIBUCIÓN, ETC.
Lugar de publicación, distribución, etc. Buenos Aires :
Nombre del editor, distribuidor, etc. Editorial Sudamericana,
Fecha de publicación, distribución, etc. [1974]
300 ## - DESCRIPCIÓN FÍSICA
Extensión 365 p. ;
Dimensiones 17 cm.
490 1# - MENCIÓN DE SERIE
Mención de serie Colección Piragua. Ensayos ;
Designación de volumen o secuencia 108
830 0# - PUNTO DE ACCESO ADICIONAL DE SERIE-TÍTULO UNIFORME
Título uniforme Colección Piragua. Ensayos ;
Designación de volumen o secuencia 108
9 (RLIN) 225425
852 ## - LOCALIZACIÓN
Ubicación ES-MaACL
Número de control de estantería L-6674
Sublocalización o colección R.107638
Holdings
Estatus retirado Estado de pérdida Estado de daño No para préstamo Biblioteca de origen Biblioteca actual Ubicación en estantería Fecha de adquisición Fuente de adquisición Total de préstamos Signatura topográfica completa Código de barras Visto por última vez Precio de reemplazo Tipo de ítem Koha
        Biblioteca del Ateneo de Madrid Biblioteca del Ateneo de Madrid Depósito 2 17/01/2008     L-6674 1023968 23/02/2023 23/02/2023 Libro impreso